| 000 | 00792nam a2200241 a 4500 | ||
|---|---|---|---|
| 001 | 000037686 | ||
| 005 | 20240412074258.0 | ||
| 008 | 121115s2012 dr 000 j spa d | ||
| 020 | _a9789945005622 | ||
| 040 |
_aDO-SdBNP _bspa _cBNPHU |
||
| 082 |
_aRD863.5 _bN964e, 2012 |
||
| 100 | 1 |
_aNuñez Guerrero, Sheilly, _d1980- _957885 |
|
| 245 | 1 | 4 |
_aLos elementos / _cSheilly Nuñez Guerrero. |
| 250 | _a2a. ed. | ||
| 260 |
_aSanto Domingo : _bBúho, _c2012. |
||
| 300 |
_a79 p. ; _c24 cm. |
||
| 500 | _aIncluye datos biográficos de la autora en la solapa de la cubierta. | ||
| 586 | _aGanador II Concurso de Cuento Joven | ||
| 590 | _aInventariado, 2019/BT | ||
| 650 | 0 |
_aCuentos dominicanos _9176 |
|
| 650 | 0 |
_aLiteratura dominicana. _967 |
|
| 910 | _aValidado. Control de la calidad EMS. | ||
| 999 |
_c37176 _d37176 |
||